000 00613nam a2200205Ia 4500
003 GCL
008 140319s9999 xx 000 0 ara d
040 _aGCL /
_cGCL
082 0 4 _a920.72
_bح ن
100 1 _aحنفى المحلاوى
245 1 0 _aالنساء ولعبة السياسة /
_cحنفى المحلاوى
260 _a[S.N] :
_bيوليوس جروس ،
_c1992
300 _a235 ص
490 _a
650 0 4 _aالمرأة فى الحياة العامة
650 0 4 _aالسياسة
650 0 4 _aالمرأة فى السياسة
650 0 4 _aالنساء - تراجم
942 _2ddc
_cBK
999 _c44686
_d44686